La Importancia de la teoría tradicional de la integración para los países desarrollados /
Gespeichert in:
| 1. Verfasser: | |
|---|---|
| Format: | Text |
| Tags: |
Tag hinzufügen
Keine Tags, Fügen Sie den ersten Tag hinzu!
|
MARC
| LEADER | 00000 a a2200000 04500 | ||
|---|---|---|---|
| 001 | 16074 | ||
| 003 | |||
| 040 | |||
| 100 | |a Jaber, Tayseer A. | ||
| 245 | |a La Importancia de la teoría tradicional de la integración para los países desarrollados / |c Tayseer A. Jaber | ||
| 773 | |g número 9; páginas 157-175 | ||
| 999 | |c 20353 |d 20353 | ||
